| 000 | 00482nam a2200193Ia 4500 | ||
|---|---|---|---|
| 005 | 20140403132136.0 | ||
| 008 | 140130s9999 xx 000 0 und d | ||
| 020 | _a0590444557 | ||
| 050 |
_aPZ 7 _b.C59118Bi 1991 |
||
| 100 |
_aClements, Andrew _929116 |
||
| 245 |
_cAndrew Clements. _aBig Al / |
||
| 260 |
_bScholastic, _c1991. _aUSA : |
||
| 300 |
_a28 p. : _bcol. ill. ; _c24 cm. |
||
| 440 |
_v1 _931174 |
||
| 521 | _aG7 | ||
| 526 | _c880 | ||
| 942 |
_cBK _2lcc |
||
| 999 |
_c41250 _d41250 |
||